| 000 | 00000cas 2200000za 4500 |
| 001 | 9.507928 |
| 003 | CaOODSP |
| 005 | 20260220153026 |
| 007 | cr ||||||||||| |
| 008 | 150406c20159999oncar p o f0 a0eng|d |
| 022 | |a2368-6073 |
| 040 | |aCaOODSP|beng |
| 043 | |an-cn--- |
| 086 | 1 |aPS35-7E-PDF |
| 245 | 00|aDepartmental consolidation of the customs tariff |h[electronic resource]. |
| 260 | |a[Ottawa] : |bCanada Border Services Agency, |c2015- |
| 310 | |aAnnual |
| 362 | 1 |aBegan with 2015. |
| 500 | |aIssued also in French under title: Codification ministérielle du tarif des douanes. |
| 692 | 07|2gccst|aCustoms and excise |
| 710 | 2 |aCanada Border Services Agency. |
| 775 | 08|tCodification ministérielle du tarif des douanes |w(CaOODSP)9.504306 |
| 780 | 00|tCustoms tariff, departmental consolidation |w(CaOODSP)9.505021 |